[Event "Ceske Budejovice op-A"]
[Site "Ceske Budejovice"]
[Date "2023.07.07"]
[Round "7"]
[White "Placer, Sebastian"]
[Black "Stastna, Martina"]
[Result "1-0"]
[WhiteElo "1997"]
[BlackElo "1858"]
[PlyCount "69"]
[EventDate "2023.07.01"]
[EventType "swiss"]
[EventRounds "9"]
[EventCountry "CZE"]
[SourceTitle "CBM 215 Extra"]
[Source "ChessBase"]
[SourceDate "2023.09.30"]
[SourceVersion "1"]
[SourceVersionDate "2023.09.30"]
[SourceQuality "1"]

1. d4 e6 2. c4 b6 3. Nc3 Bb7 4. Qc2 d6 5. e4 Nd7 6. Nf3 Ne7 7. Be2 g6 8. Be3 Bg7 9. Nd2 a6 10. 0-0 0-0 11. Rfd1 c5 12. Nb3 Qc7 13. a4 Nc6 14. Ra3 Rfd8 15. Qd2 cxd4 16. Nxd4 Nce5 17. b3 Nc5 18. Qc2 Nc6 19. Nxc6 Bxc6 20. f3 Nd7 21. Qd2 Nf6 22. Bd4 Bb7 23. Raa1 Rd7 24. Qe3 Qc6 25. Bxb6 Ng4 26. fxg4 Bxc3 27. Rac1 Bf6 28. Bf3 Bg5 29. Qxg5 Qxb6+ 30. c5 Qxb3 31. Rxd6 Qxa4 32. Qe5 Rc8 33. Rcd1 Rxd6 34. cxd6 Rd8 35. Qc3 1-0

[Event "Ceske Budejovice op-A"]
[Site "Ceske Budejovice"]
[Date "2023.07.06"]
[Round "6"]
[White "Stastna, Martina"]
[Black "Ermitsch, Michael"]
[Result "1/2-1/2"]
[WhiteElo "1858"]
[BlackElo "2024"]
[PlyCount "72"]
[EventDate "2023.07.01"]
[EventType "swiss"]
[EventRounds "9"]
[EventCountry "CZE"]
[SourceTitle "CBM 215 Extra"]
[Source "ChessBase"]
[SourceDate "2023.09.30"]
[SourceVersion "1"]
[SourceVersionDate "2023.09.30"]
[SourceQuality "1"]

1. e4 c5 2. Nc3 Nc6 3. g3 d6 4. Bg2 g6 5. d3 Bg7 6. Be3 Rb8 7. Qd2 b5 8. Nge2 e6 9. 0-0 Nd4 10. f4 f5 11. Nd1 b4 12. c3 bxc3 13. bxc3 Nxe2+ 14. Qxe2 Ne7 15. Bd2 fxe4 16. Qxe4 0-0 17. Qa4 Bd7 18. Qxa7 Nc6 19. Qa3 Nb4 20. Ne3 Nxd3 21. Rab1 d5 22. c4 dxc4 23. Rxb8 Qxb8 24. Nxc4 Bd4+ 25. Be3 Bxe3+ 26. Nxe3 Qd6 27. Be4 Bb5 28. Bxd3 Bxd3 29. Rd1 Rd8 30. Qc3 c4 31. Kf2 Qb6 32. Kf3 Qb7+ 33. Kf2 Qa7 34. Rd2 Rd4 35. Kf3 Qb7+ 36. Kf2 Qa7 1/2-1/2

[Event "Ceske Budejovice op-A"]
[Site "Ceske Budejovice"]
[Date "2023.07.02"]
[Round "2"]
[White "Stastna, Martina"]
[Black "Wiley, Tom E"]
[Result "0-1"]
[WhiteElo "1858"]
[BlackElo "2143"]
[PlyCount "104"]
[EventDate "2023.07.01"]
[EventType "swiss"]
[EventRounds "9"]
[EventCountry "CZE"]
[SourceTitle "CBM 215 Extra"]
[Source "ChessBase"]
[SourceDate "2023.09.30"]
[SourceVersion "1"]
[SourceVersionDate "2023.09.30"]
[SourceQuality "1"]

1. e4 Nf6 2. Nc3 d5 3. exd5 Nxd5 4. Bc4 Nb6 5. Bb3 Nc6 6. d3 Bf5 7. Nf3 e6 8. Be3 Be7 9. Qd2 Na5 10. Nd4 Nxb3 11. Nxb3 Nd5 12. 0-0-0 Bg6 13. g4 b6 14. f4 c5 15. Kb1 Qd7 16. Bf2 0-0-0 17. Nxd5 Qxd5 18. Qe2 Rhe8 19. Nd2 Bf8 20. Qf3 f6 21. Bg3 Kb7 22. Rhe1 h5 23. h3 Qxf3 24. Nxf3 hxg4 25. hxg4 Bd6 26. Rd2 Kc6 27. Bh2 Bf7 28. d4 c4 29. c3 Rh8 30. Rf2 Rh3 31. f5 Rxf3 32. Rxf3 Bxh2 33. fxe6 Bg6+ 34. Kc1 Re8 35. Re2 Bd6 36. b3 b5 37. Kb2 Kd5 38. Rfe3 Re7 39. Re1 Bf4 40. Rf3 Bg5 41. a4 a6 42. axb5 axb5 43. Ra1 Rxe6 44. Ra5 Rb6 45. Rf1 cxb3 46. Kxb3 Bd3 47. Re1 Bc4+ 48. Kb4 Bd2 49. Re7 g5 50. Raa7 Bf4 51. Rad7+ Rd6 52. Rc7 Ra6 0-1

[Event "Ceske Budejovice op-A"]
[Site "Ceske Budejovice"]
[Date "2023.07.01"]
[Round "1"]
[White "Zima, Jan"]
[Black "Stastna, Martina"]
[Result "0-1"]
[WhiteElo "2199"]
[BlackElo "1858"]
[PlyCount "132"]
[EventDate "2023.07.01"]
[EventType "swiss"]
[EventRounds "9"]
[EventCountry "CZE"]
[SourceTitle "CBM 215 Extra"]
[Source "ChessBase"]
[SourceDate "2023.09.30"]
[SourceVersion "1"]
[SourceVersionDate "2023.09.30"]
[SourceQuality "1"]

1. e4 e5 2. Nf3 Nc6 3. Bc4 Bc5 4. b4 Bxb4 5. c3 Be7 6. d4 exd4 7. cxd4 Nf6 8. e5 Ne4 9. Bd5 f5 10. 0-0 Na5 11. a4 d6 12. Qe1 c6 13. Bxe4 fxe4 14. exd6 Bxd6 15. Bg5 Qd7 16. Ne5 Bxe5 17. dxe5 b6 18. Qxe4 0-0 19. Nd2 Qf5 20. Qe3 Be6 21. Be7 Rfe8 22. Bd6 Nb7 23. Bb4 Rad8 24. Rac1 Rd3 25. Qe2 Bd5 26. Rfe1 Qg6 27. f3 c5 28. Bc3 Bc6 29. Ne4 Bxe4 30. Qxe4 Qxe4 31. Rxe4 Nd8 32. f4 Rd5 33. Kf2 Nf7 34. Rce1 a6 35. g4 b5 36. h4 g6 37. R1e2 Nh6 38. Kf3 b4 39. Bb2 a5 40. e6 Rd3+ 41. R2e3 Rxe3+ 42. Rxe3 c4 43. Bf6 c3 44. Bxc3 bxc3 45. Rxc3 Rxe6 46. Rc8+ Kf7 47. Ra8 Rb6 48. Ra7+ Ke6 49. Rxh7 Rb3+ 50. Ke4 Nxg4 51. Ra7 Nf6+ 52. Kd4 Rb4+ 53. Ke3 Rxa4 54. Rb7 Nd5+ 55. Kf3 Rxf4+ 56. Kg3 a4 57. Ra7 Rd4 58. Rh7 a3 59. Ra7 Rd3+ 60. Kg4 Nb4 61. Kg5 a2 62. Kxg6 Rg3+ 63. Kh6 Rg1 64. h5 a1Q 65. Rxa1 Rxa1 66. Kg7 Nd5 0-1

[Event "CZE-ch U20 Girls"]
[Site "Jaromerice nad Rokytnou"]
[Date "2023.03.16"]
[Round "7"]
[White "Stastna, Martina"]
[Black "Nespora, Tatana"]
[Result "1-0"]
[WhiteElo "1919"]
[BlackElo "1550"]
[PlyCount "73"]
[EventDate "2023.03.11"]
[EventType "tourn"]
[EventRounds "9"]
[EventCountry "CZE"]
[SourceTitle "CBM 213 Extra"]
[Source "ChessBase"]
[SourceDate "2023.05.31"]
[SourceVersion "1"]
[SourceVersionDate "2023.05.31"]
[SourceQuality "1"]

1. e4 c5 2. Nf3 Nc6 3. Bb5 g6 4. Bxc6 dxc6 5. d3 Bg7 6. h3 e5 7. Be3 Qe7 8. Qd2 h6 9. Nc3 Nf6 10. a4 Nd7 11. Nh2 g5 12. Nf1 Nf8 13. a5 Ne6 14. Na4 Nf4 15. f3 b6 16. Ra3 Rb8 17. Qf2 Qc7 18. Ng3 0-0 19. Ne2 b5 20. Nxc5 b4 21. Ra1 b3 22. c3 Rd8 23. Bxf4 gxf4 24. Nc1 Kh7 25. N1xb3 Bf6 26. Nc1 Qe7 27. h4 Rg8 28. b4 Rg3 29. Ne2 Bxh4 30. Rxh4 Qxh4 31. Nxg3 fxg3 32. Qg1 f5 33. exf5 Bxf5 34. Ke2 Qf4 35. Ne4 Rd8 36. Qxa7+ Rd7 37. Nf6+ 1-0

[Event "CZE-ch U20 Girls"]
[Site "Jaromerice nad Rokytnou"]
[Date "2023.03.15"]
[Round "6"]
[White "Voriskova, Anna"]
[Black "Stastna, Martina"]
[Result "1-0"]
[WhiteElo "2000"]
[BlackElo "1919"]
[PlyCount "97"]
[EventDate "2023.03.11"]
[EventType "tourn"]
[EventRounds "9"]
[EventCountry "CZE"]
[SourceTitle "CBM 213 Extra"]
[Source "ChessBase"]
[SourceDate "2023.05.31"]
[SourceVersion "1"]
[SourceVersionDate "2023.05.31"]
[SourceQuality "1"]

1. d4 Nf6 2. c4 e6 3. Nf3 b6 4. g3 Bb7 5. Bg2 Be7 6. Nc3 0-0 7. 0-0 d6 8. Qc2 c5 9. e4 Nc6 10. Rd1 Qc7 11. b3 Rad8 12. Bb2 Qb8 13. Qe2 e5 14. dxe5 dxe5 15. Nd5 Rfe8 16. Re1 Nd4 17. Qd2 Nd7 18. Rad1 Nf8 19. Bc3 Nfe6 20. h4 Bc8 21. Qb2 Nf8 22. Nh2 h6 23. b4 cxb4 24. Bxd4 exd4 25. Qxd4 Bc5 26. Qb2 Qxg3 27. Kh1 Qxh4 28. Rf1 a5 29. Rd3 Ng6 30. f4 Ne7 31. f5 Nxd5 32. cxd5 Qe7 33. Rg3 f6 34. Qd2 Kf7 35. Bf3 Rh8 36. Qg2 Rdg8 37. Rc1 Ba6 38. Bh5+ Kf8 39. Nf3 g5 40. fxg6 Rg7 41. Nh4 Bc8 42. Bg4 Ba6 43. Be6 Qc7 44. Rf3 Qe5 45. Rf5 Qd4 46. Re1 Qc3 47. Nf3 Bd3 48. Qg3 Re7 49. g7+ 1-0

[Event "CZE-ch U20 Girls"]
[Site "Jaromerice nad Rokytnou"]
[Date "2023.03.14"]
[Round "4"]
[White "Petirova, Iva"]
[Black "Stastna, Martina"]
[Result "0-1"]
[WhiteElo "1737"]
[BlackElo "1919"]
[PlyCount "46"]
[EventDate "2023.03.11"]
[EventType "tourn"]
[EventRounds "9"]
[EventCountry "CZE"]
[SourceTitle "CBM 213 Extra"]
[Source "ChessBase"]
[SourceDate "2023.05.31"]
[SourceVersion "1"]
[SourceVersionDate "2023.05.31"]
[SourceQuality "1"]

1. e4 c6 2. d4 d5 3. f3 dxe4 4. fxe4 e5 5. Nf3 Bg4 6. c3 Nd7 7. Na3 Ngf6 8. Bg5 Bxa3 9. bxa3 Qa5 10. Qc1 Nxe4 11. Bd2 0-0-0 12. Bd3 Bxf3 13. gxf3 Nxd2 14. Qxd2 exd4 15. cxd4 Rhe8+ 16. Kd1 Qxa3 17. Rg1 g6 18. Rg5 Ne5 19. Be4 Nxf3 20. Bxf3 Qxf3+ 21. Kc1 Re2 22. Qd1 Qc3+ 23. Kb1 Rb2# 0-1

[Event "Ceske Budejovice op-A"]
[Site "Ceske Budejovice"]
[Date "2022.07.01"]
[Round "1"]
[White "Hrbek, Stepan"]
[Black "Stastna, Martina"]
[Result "1-0"]
[WhiteElo "2272"]
[BlackElo "1912"]
[PlyCount "97"]
[EventDate "2022.07.01"]
[EventType "swiss"]
[EventRounds "9"]
[EventCountry "CZE"]
[SourceTitle "CBM 209 Extra"]
[Source "ChessBase"]
[SourceDate "2022.09.30"]
[SourceVersion "1"]
[SourceVersionDate "2022.09.30"]
[SourceQuality "1"]

1. d4 d5 2. c4 e6 3. Nc3 Nf6 4. cxd5 exd5 5. Bg5 c6 6. e3 Bd6 7. Bd3 Nbd7 8. Nf3 0-0 9. 0-0 Re8 10. Bf4 Bxf4 11. exf4 Nf8 12. Qc2 Qb6 13. f5 Bd7 14. Rfe1 Rac8 15. Qb3 Qxb3 16. axb3 Rxe1+ 17. Nxe1 Re8 18. Nf3 a6 19. Ne5 Bc8 20. b4 N8d7 21. Nxd7 Bxd7 22. f3 Kf8 23. Kf2 Ke7 24. g4 Kd6 25. h4 g6 26. fxg6 hxg6 27. h5 gxh5 28. g5 Ng8 29. Rh1 Ne7 30. Rxh5 Bf5 31. Rh6+ Kd7 32. Bf1 Bg6 33. Bh3+ Kc7 34. Ne2 Rg8 35. Ng3 Kb6 36. f4 Bc2 37. Bf1 Ng6 38. Nh5 Bd1 39. Nf6 Rh8 40. f5 Rxh6 41. gxh6 Nh8 42. Ke3 Bc2 43. Kf4 Kc7 44. Ke5 Kd8 45. Ng8 Ke8 46. Kf6 Kf8 47. Ne7 Ba4 48. h7 Bc2 49. Be2 1-0

[Event "CZE-ch U18/20 Girls"]
[Site "Spindleruv Mlyn"]
[Date "2022.03.17"]
[Round "7"]
[White "Stastna, Martina"]
[Black "Rosenbaumova, Lea"]
[Result "1-0"]
[WhiteElo "1847"]
[BlackElo "1838"]
[PlyCount "71"]
[EventDate "2022.03.13"]
[EventType "tourn"]
[EventRounds "9"]
[EventCountry "CZE"]
[SourceTitle "EXT 2023"]
[Source "ChessBase"]
[SourceDate "2022.10.05"]
[SourceVersion "1"]
[SourceVersionDate "2022.10.05"]
[SourceQuality "1"]

1. e4 c5 2. Nf3 Nc6 3. Bb5 g6 4. 0-0 Bg7 5. c3 Nf6 6. Re1 0-0 7. Bxc6 bxc6 8. d4 cxd4 9. cxd4 d6 10. Nc3 Re8 11. h3 Bd7 12. e5 Nd5 13. Nxd5 cxd5 14. exd6 e6 15. Bf4 Bf8 16. Ne5 Bc8 17. Qf3 f6 18. Ng4 f5 19. Ne3 Bb7 20. Qg3 Qd7 21. h4 Rad8 22. h5 Qf7 23. Rac1 Rd7 24. Rc7 Red8 25. Rec1 Qe8 26. hxg6 hxg6 27. Rxd7 Rxd7 28. Rc7 Bc8 29. Rxd7 Bxd7 30. Nc2 Qf7 31. Ne1 Bg7 32. Be5 Bf6 33. Nd3 Kg7 34. Nc5 Bc6 35. Qg5 Bb5 36. d7 1-0

[Event "CZE-ch U18/20 Girls"]
[Site "Spindleruv Mlyn"]
[Date "2022.03.13"]
[Round "1"]
[White "Petirova, Iva"]
[Black "Stastna, Martina"]
[Result "1-0"]
[WhiteElo "1685"]
[BlackElo "1847"]
[PlyCount "66"]
[EventDate "2022.03.13"]
[EventType "tourn"]
[EventRounds "9"]
[EventCountry "CZE"]
[SourceTitle "EXT 2023"]
[Source "ChessBase"]
[SourceDate "2022.10.05"]
[SourceVersion "1"]
[SourceVersionDate "2022.10.05"]
[SourceQuality "1"]

1. e4 d6 2. d4 Nd7 3. Nf3 e5 4. dxe5 dxe5 5. Bc4 c6 6. Ng5 Nh6 7. 0-0 Be7 8. Nf3 0-0 9. Nbd2 b5 10. Be2 Bb7 11. a4 a6 12. Nb3 Ng4 13. c4 b4 14. Qc2 c5 15. Rd1 Qc7 16. h3 Ngf6 17. Bd3 h6 18. Nh4 Nxe4 19. Nf5 Ndf6 20. Re1 Ng5 21. f4 Ne6 22. fxe5 Ne8 23. Qf2 Bg5 24. Qg3 Kh8 25. h4 Bxc1 26. Raxc1 f6 27. Qe3 Qxe5 28. Qxe5 fxe5 29. Rxe5 Nf4 30. Bf1 Bc6 31. Ne7 Bxa4 32. Nxc5 Nf6 33. Nxa4 Rac8 1-0

[Event "Wch FIDE Online U16 Girls Europe qual"]
[Site "Tornelo INT"]
[Date "2020.12.09"]
[Round "7"]
[White "Donghvani, Nia"]
[Black "Stastna, Martina"]
[Result "0-1"]
[WhiteElo "1584"]
[BlackElo "1600"]
[PlyCount "180"]
[EventDate "2020.12.07"]
[EventType "swiss (rapid)"]
[EventRounds "7"]
[EventCountry "ISS"]
[SourceTitle "EXT 2022"]
[Source "ChessBase"]
[SourceDate "2021.10.06"]
[SourceVersion "1"]
[SourceVersionDate "2021.10.06"]
[SourceQuality "1"]

1. c4 e6 2. Nf3 d5 3. b3 c6 4. Bb2 Nf6 5. e3 Nbd7 6. Be2 Be7 7. 0-0 0-0 8. d4 Ne4 9. Nbd2 f5 10. Rc1 Ndf6 11. Ne5 Bd7 12. Nxd7 Qxd7 13. Nf3 Bd6 14. Ne5 Qc7 15. f3 Ng5 16. Qe1 Nf7 17. f4 Ne4 18. Rf3 g5 19. Rh3 gxf4 20. exf4 Qe7 21. Bd3 Bxe5 22. fxe5 Nfg5 23. Rh5 Qg7 24. Qe2 Rf7 25. Rf1 Raf8 26. Bc1 h6 27. Bf4 Qg6 28. Rh4 Rh7 29. Qh5 Qxh5 30. Rxh5 Kg7 31. cxd5 cxd5 32. Rh4 Rg8 33. g3 Nd2 34. Bxd2 Nf7 35. Kf2 Nd8 36. Rc1 Nc6 37. Be3 Kg6 38. Bb5 Nb4 39. a3 a6 40. axb4 axb5 41. Rc5 h5 42. Rxb5 Rc7 43. Rb6 Re8 44. Rf4 Ree7 45. Kg2 Rc2+ 46. Rf2 Rc3 47. Bf4 Kf7 48. Rd2 Rec7 49. h4 Rxb3 50. Kh3 Rbc3 51. Bg5 Rb3 52. Bd8 Rd7 53. Bf6 Rc3 54. Rd6 Rxd6 55. exd6 Kxf6 56. Re2 Rc8 57. b5 Rd8 58. Rc2 Rxd6 59. Rc7 Rb6 60. Rh7 Kg6 61. Re7 Kf6 62. Rh7 Rxb5 63. Rxh5 Rb4 64. Rg5 Rxd4 65. Rg8 b5 66. h5 Rg4 67. Rb8 b4 68. Rb6 Re4 69. Kg2 Kg5 70. Kf3 Kxh5 71. Rb5 Kg5 72. Rb6 f4 73. gxf4+ Rxf4+ 74. Kg3 e5 75. Rb5 Rd4 76. Kf3 e4+ 77. Ke2 Rd3 78. Rxb4 Kf4 79. Rb8 Re3+ 80. Kd2 Rd3+ 81. Ke2 Ke5 82. Re8+ Kd4 83. Rd8 Re3+ 84. Kd2 Rd3+ 85. Ke2 Ra3 86. Rd7 Ra2+ 87. Kf1 e3 88. Re7 Kd3 89. Re5 d4 90. Rd5 e2+ 0-1

[Event "Wch FIDE Online U16 Girls Europe qual"]
[Site "Tornelo INT"]
[Date "2020.12.07"]
[Round "1"]
[White "Stastna, Martina"]
[Black "Ciolacu, Alessia Mihaela"]
[Result "1-0"]
[WhiteElo "1600"]
[BlackElo "1906"]
[PlyCount "79"]
[EventDate "2020.12.07"]
[EventType "swiss (rapid)"]
[EventRounds "7"]
[EventCountry "ISS"]
[SourceTitle "EXT 2022"]
[Source "ChessBase"]
[SourceDate "2021.10.06"]
[SourceVersion "1"]
[SourceVersionDate "2021.10.06"]
[SourceQuality "1"]

1. e4 e5 2. Nf3 Nc6 3. Bb5 Nf6 4. 0-0 Bc5 5. c3 0-0 6. d4 Bb6 7. Bg5 h6 8. Bxf6 Qxf6 9. Bxc6 Qxc6 10. Nxe5 Qxe4 11. Nd2 Qh4 12. Ndf3 Qh5 13. Qd2 d6 14. Nd3 Bg4 15. Nf4 Qf5 16. Kh1 g5 17. Nd3 Bxf3 18. gxf3 Qxf3+ 19. Kg1 Rae8 20. Rae1 c5 21. dxc5 dxc5 22. Ne5 Qf5 23. Nd7 Rd8 24. Rd1 Bc7 25. Qd5 Qf4 26. Qg2 Rfe8 27. Nxc5 Rxd1 28. Rxd1 Re2 29. a3 Bb6 30. Nd3 Rd2 31. Rxd2 Qxd2 32. Qf3 Kg7 33. Kg2 Bd8 34. Ne5 Bf6 35. Ng4 Qd6 36. Qxb7 Be7 37. Qf3 h5 38. Ne3 Kg6 39. Qf5+ Kh6 40. Qxf7 1-0

[Event "CZE-ch rapid U20"]
[Site "Ceska Trebova"]
[Date "2020.09.20"]
[Round "8"]
[White "Gubin, Michail"]
[Black "Stastna, Martina"]
[Result "0-1"]
[WhiteElo "1655"]
[BlackElo "1532"]
[PlyCount "62"]
[EventDate "2020.09.19"]
[EventType "swiss (rapid)"]
[EventRounds "9"]
[EventCountry "CZE"]
[SourceTitle "CBM 198 Extra"]
[Source "ChessBase"]
[SourceDate "2020.11.30"]
[SourceVersion "1"]
[SourceVersionDate "2020.11.30"]
[SourceQuality "1"]

1. f4 d5 2. Nf3 e6 3. g3 f5 4. Bg2 Nf6 5. 0-0 Bd6 6. d3 0-0 7. Qe1 Nbd7 8. b3 c6 9. Bb2 Bc5+ 10. Kh1 Ng4 11. e4 Qb6 12. d4 Bb4 13. c3 fxe4 14. cxb4 exf3 15. Qxe6+ Kh8 16. Bxf3 Ndf6 17. Qd6 Re8 18. Nd2 Bf5 19. Qc5 Qc7 20. b5 Bd3 21. Rfe1 Bxb5 22. Bxg4 Nxg4 23. Nf3 Nf2+ 24. Kg2 Nd3 25. Rxe8+ Rxe8 26. Qc2 Nxf4+ 27. Kh1 Bd3 28. Qd2 Re2 29. Qb4 Ng6 30. Bc1 Qf7 31. Ng1 Be4+ 0-1

[Event "CZE-ch rapid U20"]
[Site "Ceska Trebova"]
[Date "2020.09.19"]
[Round "3"]
[White "Handl, Petr"]
[Black "Stastna, Martina"]
[Result "0-1"]
[WhiteElo "1704"]
[BlackElo "1532"]
[PlyCount "112"]
[EventDate "2020.09.19"]
[EventType "swiss (rapid)"]
[EventRounds "9"]
[EventCountry "CZE"]
[SourceTitle "CBM 198 Extra"]
[Source "ChessBase"]
[SourceDate "2020.11.30"]
[SourceVersion "1"]
[SourceVersionDate "2020.11.30"]
[SourceQuality "1"]

1. e4 e5 2. Nf3 Nc6 3. Bc4 Bc5 4. 0-0 d6 5. h3 Nf6 6. Nc3 0-0 7. d3 h6 8. Be3 Bb6 9. Qd2 Be6 10. Bb3 Ne7 11. Rad1 Ng6 12. Nd5 Bxe3 13. Qxe3 Nh5 14. d4 c6 15. Nc3 exd4 16. Qxd4 Ngf4 17. Qxd6 Qf6 18. Bxe6 fxe6 19. Qe5 Nxh3+ 20. gxh3 Qg6+ 21. Kh2 Rxf3 22. Rg1 Qf7 23. Rg2 Nf4 24. Rg3 Rxf2+ 25. Kh1 Rf8 26. Rdg1 Nh5 27. Re3 Kh8 28. Ne2 Rf1 29. Qh2 Qg6 30. Ng3 Nxg3+ 31. Rexg3 Qxe4+ 32. Qg2 Qxg2+ 33. R3xg2 Rxg1+ 34. Kxg1 Kg8 35. Rd2 Rf7 36. Rd8+ Kh7 37. Re8 Rd7 38. Rxe6 Rd2 39. Re7 Rd1+ 40. Kf2 Rd2+ 41. Ke1 Rxc2 42. Rxb7 a6 43. Rb6 a5 44. a4 Rc4 45. Kd1 Rxa4 46. Rxc6 h5 47. Kc2 g6 48. Kb3 Rb4+ 49. Kc2 Kh6 50. Rc5 a4 51. Rc3 h4 52. Ra3 Kh5 53. Rd3 g5 54. Rc3 Rb3 55. Rxb3 axb3+ 56. Kxb3 g4 0-1

[Event "EU-ch U14 Girls"]
[Site "Bratislava"]
[Date "2019.08.08"]
[Round "7"]
[White "Stastna, Martina"]
[Black "Arnold, Dora"]
[Result "1-0"]
[WhiteElo "1654"]
[BlackElo "1490"]
[PlyCount "105"]
[EventDate "2019.08.02"]
[EventType "swiss"]
[EventRounds "9"]
[EventCountry "SVK"]
[SourceTitle "EXT 2020"]
[Source "ChessBase"]
[SourceDate "2019.10.17"]
[SourceVersion "1"]
[SourceVersionDate "2019.10.17"]
[SourceQuality "1"]

1. e4 e5 2. Nf3 Nc6 3. Bb5 a6 4. Ba4 Nf6 5. 0-0 b5 6. Bb3 Bc5 7. c3 0-0 8. d4 exd4 9. cxd4 Be7 10. e5 Ne8 11. Re1 Na5 12. Bc2 d6 13. Qe2 Rb8 14. Nc3 d5 15. h3 c6 16. Nh2 Nc7 17. f4 f5 18. b3 Bb4 19. Bd2 Ne6 20. Qd3 Nb7 21. Ne2 Be7 22. b4 Qb6 23. Nf3 Bd7 24. Kh1 g6 25. Rg1 Ng7 26. a3 Qd8 27. Raf1 Ra8 28. Ra1 Ra7 29. Ra2 Qb6 30. Rga1 Rfa8 31. Qb3 a5 32. Bd3 a4 33. Qd1 Rc8 34. Rc2 Raa8 35. Rac1 Nd8 36. Be3 Nde6 37. Nd2 Rc7 38. Nb1 Rac8 39. Nbc3 Qb7 40. Qf1 Qb6 41. Bxb5 Ra8 42. Bd3 Rb7 43. Ra2 Nc7 44. Qd1 Rba7 45. Bc2 Nb5 46. Bxa4 Nxc3 47. Nxc3 Ne6 48. Rca1 Qa6 49. Bb3 Qb7 50. g4 Nc7 51. Bc2 Nb5 52. Nxb5 Qxb5 53. gxf5 1-0

[Event "EU-ch U14 Girls"]
[Site "Bratislava"]
[Date "2019.08.02"]
[Round "1"]
[White "Stastna, Martina"]
[Black "Lhotska, Anna"]
[Result "0-1"]
[WhiteElo "1654"]
[BlackElo "1966"]
[PlyCount "128"]
[EventDate "2019.08.02"]
[EventType "swiss"]
[EventRounds "9"]
[EventCountry "SVK"]
[SourceTitle "EXT 2020"]
[Source "ChessBase"]
[SourceDate "2019.10.17"]
[SourceVersion "1"]
[SourceVersionDate "2019.10.17"]
[SourceQuality "1"]

1. e4 c5 2. Nf3 e6 3. d4 cxd4 4. Nxd4 a6 5. Bd3 Nf6 6. 0-0 Qc7 7. Nc3 Be7 8. Qe2 d6 9. Kh1 b5 10. a3 Bb7 11. f4 Nbd7 12. Bd2 Nc5 13. Rae1 0-0 14. b4 Nxd3 15. cxd3 Rac8 16. Rc1 Qb8 17. f5 e5 18. Nf3 Bd8 19. Bg5 h6 20. Bh4 Nd7 21. Bxd8 Rfxd8 22. Rfe1 Qa8 23. Qb2 Re8 24. a4 bxa4 25. Nxa4 d5 26. Rxc8 Qxc8 27. Nc5 Nxc5 28. bxc5 dxe4 29. dxe4 f6 30. Nd2 Rd8 31. Nb3 Bxe4 32. Qc3 Bxf5 33. c6 Qc7 34. Qc4+ Kh7 35. Qxa6 Rb8 36. Qc4 Bg6 37. h3 Bf7 38. Qd3+ Kh8 39. Qd7 Qxd7 40. cxd7 Bxb3 41. Rb1 Rd8 42. Rxb3 Rxd7 43. Kg1 Kh7 44. Kf2 Kg6 45. Rg3+ Kf5 46. Rf3+ Ke6 47. Ra3 f5 48. Ra6+ Rd6 49. Ra7 Kf6 50. Ke3 g5 51. Ra3 f4+ 52. Kf3 h5 53. g4 fxg3 54. Kxg3 e4 55. Kf2 Rd3 56. Ra6+ Kf5 57. Ra5+ Kf4 58. h4 g4 59. Rxh5 g3+ 60. Ke1 g2 61. Kf2 Rd2+ 62. Kg1 Kg3 63. Rg5+ Kh3 64. h5 e3 0-1

[Event "EU-ch U14 Girls 28th"]
[Site "Riga"]
[Date "2018.08.21"]
[Round "2"]
[White "Stastna, Martina"]
[Black "Ruzic, Pia Marie"]
[Result "0-1"]
[WhiteElo "1531"]
[BlackElo "1748"]
[PlyCount "40"]
[EventDate "2018.08.20"]
[EventType "swiss"]
[EventRounds "9"]
[EventCountry "LAT"]
[SourceTitle "CBM 186 Extra"]
[Source "ChessBase"]
[SourceDate "2018.08.24"]
[SourceVersion "1"]
[SourceVersionDate "2018.08.24"]
[SourceQuality "1"]

1. e4 e6 2. d4 d5 3. exd5 exd5 4. Bd3 Nc6 5. c3 Bd6 6. Qf3 Nge7 7. Ne2 Be6 8. Bf4 Bxf4 9. Nxf4 Qd7 10. h3 0-0-0 11. Nd2 Kb8 12. Qe2 Nc8 13. Nb3 Rde8 14. Nc5 Qd6 15. Nfxe6 fxe6 16. 0-0-0 e5 17. Bf5 exd4 18. Qb5 Nb6 19. Bd7 Ref8 20. cxd4 a6 0-1

[Event "CZE-chT U18 Extraliga final-B 1718"]
[Site "Czech Republic"]
[Date "2018.04.22"]
[Round "11.6"]
[White "Rydl, Jan"]
[Black "Stastna, Martina"]
[Result "1-0"]
[WhiteElo "1442"]
[BlackElo "1577"]
[PlyCount "73"]
[EventDate "2017.10.07"]
[EventType "team-tourn"]
[EventRounds "11"]
[EventCountry "CZE"]
[SourceTitle "EXT 2023"]
[Source "ChessBase"]
[SourceDate "2022.10.05"]
[SourceVersion "1"]
[SourceVersionDate "2022.10.05"]
[SourceQuality "1"]
[WhiteTeam "Jicin (U18)"]
[BlackTeam "Ceske Budejovice (U18)"]
[WhiteTeamCountry "CZE"]
[BlackTeamCountry "CZE"]

1. d4 d5 2. Nc3 Nf6 3. Bg5 e6 4. e4 dxe4 5. Nxe4 Be7 6. Bxf6 Bxf6 7. Nf3 Nc6 8. c3 a6 9. Bd3 b5 10. a3 Bb7 11. Nc5 Qc8 12. Nxb7 Qxb7 13. Be4 Rd8 14. Qc2 h6 15. Rd1 Qb6 16. 0-0 0-0 17. h4 Ne7 18. g4 Nd5 19. g5 hxg5 20. hxg5 Be7 21. Qd2 g6 22. Ne5 Kg7 23. f4 Bd6 24. Bxd5 Bxe5 25. fxe5 exd5 26. Rf6 Qb8 27. Qd3 Rde8 28. Qf3 Qc8 29. Rf1 Qd7 30. Rxa6 Rh8 31. Rf6 Rhf8 32. Kg2 Re7 33. Rh1 Rh8 34. Rxh8 Kxh8 35. Ra6 Re6 36. Qh3+ Kg7 37. Ra8 1-0

[Event "EU Union-ch U12"]
[Site "Kouty nad Desnou"]
[Date "2017.08.27"]
[Round "9"]
[White "Lutz, Ruben"]
[Black "Stastna, Martina"]
[Result "1-0"]
[WhiteElo "2007"]
[BlackElo "1482"]
[PlyCount "121"]
[EventDate "2017.08.19"]
[EventType "swiss"]
[EventRounds "9"]
[EventCountry "CZE"]
[SourceTitle "CBM 180 Extra"]
[Source "ChessBase"]
[SourceDate "2017.10.06"]
[SourceVersion "1"]
[SourceVersionDate "2017.10.06"]
[SourceQuality "1"]

1. d4 Nf6 2. Nf3 g6 3. Bg5 Bg7 4. Nbd2 0-0 5. c3 d6 6. e4 Nbd7 7. Bd3 Qe8 8. 0-0 e5 9. Re1 Kh8 10. Qc2 Ng8 11. Nc4 Ne7 12. dxe5 dxe5 13. Rad1 f6 14. Bh4 b6 15. Ne3 Nc5 16. Bc4 Bb7 17. Nd2 Rd8 18. b4 Nd7 19. Ndf1 Nb8 20. Rxd8 Qxd8 21. Rd1 Qe8 22. f3 Nc8 23. Bd5 Bc6 24. Bxc6 Nxc6 25. Nd5 Qf7 26. Qa4 Nd8 27. Nde3 c6 28. Qb3 Qe7 29. Nc4 Nf7 30. a4 Rd8 31. Rxd8+ Nxd8 32. a5 b5 33. Nce3 a6 34. Qd1 Qd6 35. Qxd6 Nxd6 36. Nd2 Kg8 37. Ng4 g5 38. Bf2 Kf7 39. Ne3 Bf8 40. Nb3 Ne6 41. g3 h5 42. Nf5 Nb7 43. Ne3 Nd6 44. h3 Kg6 45. Kf1 Kf7 46. Ke2 Ke8 47. Kd3 Kd7 48. c4 Nb7 49. cxb5 cxb5 50. Nd5 Be7 51. Bb6 h4 52. gxh4 gxh4 53. Bf2 Ng5 54. Bxh4 Nxf3 55. Bxf6 Bd6 56. h4 Ke6 57. h5 Kf7 58. Ke2 Nh2 59. Bg5 Ng4 60. Kf3 Nh2+ 61. Kg3 1-0